Tour guiding as a profession / (Record no. 1851)

MARC details
000 -LEADER
fixed length control field 00566nam a2200205 4500
003 - CONTROL NUMBER IDENTIFIER
control field OSt
005 - DATE AND TIME OF LATEST TRANSACTION
control field 20240703020808.0
008 - FIXED-LENGTH DATA ELEMENTS--GENERAL INFORMATION
fixed length control field 240703b |||||||| |||| 00| 0 eng d
020 ## - INTERNATIONAL STANDARD BOOK NUMBER
International Standard Book Number 9789710445097
040 ## - CATALOGING SOURCE
Original cataloging agency DWCL-HMN lib.
Transcribing agency OC
082 ## - DEWEY DECIMAL CLASSIFICATION NUMBER
Classification number Fil. 338.4 S161t 2006
006 - FIXED-LENGTH DATA ELEMENTS--ADDITIONAL MATERIAL CHARACTERISTICS
fixed length control field a
100 ## - MAIN ENTRY--PERSONAL NAME
Personal name Salamanca, Ma. Dolores N.
245 ## - TITLE STATEMENT
Title Tour guiding as a profession /
260 ## - PUBLICATION, DISTRIBUTION, ETC.
Place of publication, distribution, etc. Manila :
Name of publisher, distributor, etc. Mindshapers Co., Inc.,
Date of publication, distribution, etc. c2006.
300 ## - PHYSICAL DESCRIPTION
Extent xiii,
Other physical details 137 p. : ill. ;
Dimensions 23 cm.
650 ## - SUBJECT ADDED ENTRY--TOPICAL TERM
Topical term or geographic name entry element 1. Tourist trade.
650 ## - SUBJECT ADDED ENTRY--TOPICAL TERM
Topical term or geographic name entry element 2. Travel.
942 ## - ADDED ENTRY ELEMENTS (KOHA)
Source of classification or shelving scheme Dewey Decimal Classification
Suppress in OPAC No
Koha item type Book-Filipiniana
Call number prefix Fil.
Holdings
Withdrawn status Lost status Source of classification or shelving scheme Damaged status Not for loan Home library Current library Shelving location Date acquired Source of acquisition Cost, normal purchase price Total Checkouts Full call number Barcode Date last seen Copy number Price effective from Koha item type Uniform Resource Identifier
    Dewey Decimal Classification     HM & Nursing Library HM & Nursing Library Filipiniana 11/03/2007 School Fund 550.00   Fil. 338.4 S161t 2006 45325 07/03/2024 c1 07/03/2024 Book-Filipiniana
    Dewey Decimal Classification     HM & Nursing Library HM & Nursing Library Filipiniana 06/23/2009 Donation     Fil. 338.4 S161t 2006 46707 07/03/2024 c2 07/03/2024 Book-Filipiniana
    Dewey Decimal Classification     HM & Nursing Library HM & Nursing Library Filipiniana 06/23/2009 Donation     Fil. 338.4 S161t 2006 47380 07/03/2024 c3 07/03/2024 Book-Filipiniana